000 00595nam a2200205Ia 4500
001 3339
003 GE_BSU
008 181216s||||||||xx |||||||||||||| ||und||
040 _cGE_BSU
080 _a621.64.002
100 _aБородавкин,П.П. Таран,В.Д.
245 _aТрубопроводы в сложных условиях.
245 _cРед.В.В.Переверзев.
260 _aМ.
260 _bНедра.
260 _c1968.
300 _a304стр.с илл.20 см.
653 _aТрубопроводы в сложных условиях.
942 _cBK
999 _c37380
_d37380